000 01015nam a2200301Ia 4500
001 Para_1200
003 CHAP
008 220125s1997 xx 000 0 und d
010 _a199926
040 _cCHAP
090 _aPA TESIS 1166
100 _aBarajas Rodríguez, José Juan
_910049
245 _aComportamiento de mezclas de fungicidas e insecticidas en aguas normales, empleadas en cultivos horticolas de la región del Bajío /
_c por Jose Juan Barajas Rodríguez
260 _aChapingo, Méx. :
_b El autor
300 _a50 h.
502 _aTesis (Ing. Agr. Esp. Parasitologia Agrícola), UACh Depto. Parasitología
650 _aFungicidas
_944044
650 _aInsecticidas
_958855
650 _aLegumbres
_x Guanajuato
_965727
710 _aUACh. Departamento Parasitología Agrícola
_9164025
901 _aPA TESIS 1166
902 _aA
905 _a0000001997 0000000000 00
910 _a1997
942 _cPARA
942 _cPARA
_d1
999 _c199926
_d199926